| 000 | 00871nac a22002291u 4500 | ||
|---|---|---|---|
| 020 | _a8122417221 | ||
| 082 |
_a621.3191 _bWAD |
||
| 090 |
_c8478 _d8478 |
||
| 100 | _aWadhwa, C.L. | ||
| 245 |
_aElectrical Power Systems / _cC.L.Wadha. |
||
| 250 | _a4th ed. | ||
| 260 |
_aNew Delhi: _bNew Age International (p) Limited Publishers,C.2005. _cC.2005. |
||
| 300 |
_a887p; _c25cm. |
||
| 500 | _aDistributer: Al-Ahram. | ||
| 504 | _aIncludes Index. | ||
| 511 | _aCatalogued By: Mahitab. | ||
| 650 | _aElectric power system stability. | ||
| 650 | _aElectric power systems--Quality control. | ||
| 942 |
_cBB _k621.3191 WAD |
||
| 999 |
_c8478 _d8478 |
||